Budapest City Trivia - Statistics

General Stats
  • This quiz has been taken 158 times
    157 since last reset
  • The average score is 11 of 20
Answer Stats
Clue Answer % Correct
Country that Budapest is the capital of Hungary
99%
River on which Budapest is located Danube
97%
Primary language spoken in Budapest Hungarian
97%
The only city more populous than Budapest along the above river Vienna
85%
Empire, that ruled modern Budapest for over 150 years Ottoman Empire
80%
Name of the other European capital city, with a very similar name (starts with "Bu") Bucharest
76%
A famous footballer, capitan of the team in the 1954 World Cup, who was born in Budapest Ferenc Puskás
74%
The historic castle complex in Budapest, which has been home to kings of the country since the 13th century {Buda} Castle
72%
Name of the most famous bridge that connets Buda and Pest {Chain} Bridge
68%
Renowned illusionist and escape artist, born in Budapest in 1874 Harry Houdini
63%
Since 1987, this famous hill in Budapest has been a UNESCO World Heritage site {Gellért} Hill
49%
The name of the important railway station in Budapest that was completed in 1884 and played a significant role in the city's development {Keleti} Railway Station
44%
Budapest's famous shopping street, known for its cafes, restaurants, and shops {Váci} Street
43%
Major intersection and transport junction in Budapest Deák Ferenc tér
28%
Composer, pianist and ethnomusicologist, born on March 25, 1881 in Budapest Béla Bartók
27%
In Budapest, there's the biggest _____ in Europe Parliament
26%
The name of the country king who established the first medieval castle on the Buda side in the 13th century Béla IV
23%
The historical Budapest hospital that was transformed into a secret military hospital during World War II Hospital in the {Rock}
19%
Writer and Nobel laureate, born in 1929 in Budapest, known for the book "Fatelessness" Imre Kertész
16%
The famous battle fought in 1848 during the War of Independence of the country, which took place in the area of modern Budapest Battle of {Pákozd}
3%
No matching quizzes found
Score Distribution
Percent of People with Each Score
Percentile by Number Answered
Your Score History
You have not taken this quiz since the last reset